Combination of Traditional and Agile Methodologies for Efficient Management of ICT projects

Na minha lista:
Detalhes bibliográficos
Autor principal: Miklošík, Andrej
Formato: Capítulo de Livro
Idioma:inglês
Assuntos:
Tags: Adicionar Tag
Sem tags, seja o primeiro a adicionar uma tag!

MARC

LEADER 00000nla a2200000 4500
001 0204229
005 20251210104830.6
041 0 |a eng 
044 |a CZ 
245 1 0 |a Combination of Traditional and Agile Methodologies for Efficient Management of ICT projects  |c Andrej Miklošík 
610 2 0 |a projekty 
610 2 0 |a manažment 
610 2 0 |a riadenie projektové 
610 2 0 |a riadenie agilné 
610 2 0 |a metódy riadenia 
610 2 0 |a technológie informačné 
610 2 0 |a technológie komunikačné 
100 1 |a Miklošík, Andrej